Statistics for Top Scoring NBA Trios by Year

Click here to take the quiz!

General Stats

  • This quiz has been taken 457 times
    (277 since last reset)
  • The average score is 24 of 48

Answer Stats

Answer% Correct
James Harden
98%
Kevin Durant
97%
LeBron James
97%
Stephen Curry
97%
Klay Thompson
94%
Russell Westbrook
93%
Joel Embiid
89%
Dwyane Wade
87%
Kyrie Irving
87%
Shaquille O'Neal
87%
Kobe Bryant
86%
Chris Bosh
83%
Chris Paul
81%
Draymond Green
81%
Kevin Love
80%
Jeff Green
79%
Tyrese Maxey
75%
Blake Griffin
69%
Allen Iverson
66%
Bradley Beal
63%
Carmelo Anthony
61%
Dirk Nowitzki
60%
Kevin Garnett
53%
Ray Allen
49%
Derek Fisher
47%
Eric Gordon
44%
Amar'e Stoudemire
34%
Caron Butler
32%
Chauncey Billups
32%
JR Smith
32%
Jamal Crawford
31%
DeMar DeRozan
29%
Shawn Marion
28%
Zach LaVine
26%
Jason Terry
25%
Nikola Vučević
24%
Joe Johnson
22%
Sam Cassell
20%
Gilbert Arenas
16%
Glenn Robinson
16%
Glen Rice
14%
Kenyon Martin
11%
Kevin Martin
11%
Rui Hachimura
11%
Latrell Sprewell
10%
Antawn Jameson
1%
Danuel House
1%
Josh Howard
1%

Score Distribution

Percentile by Number Answered

Percent of People with Each Score

Your Score History

You have not taken this quiz since the last reset